Statystyki dla 15 najbardziej dotkniętych krajów Covid-19 - 14 lipca

Kliknij tutaj aby rozwiązać quiz!

Ogólne statystyki

  • Ten quiz został rozwiązany 19 razy
  • Średni wynik to 10 z 25

Statystyki odpowiedzi

kraj% Poprawnych
Stany Zjednoczone
100%
Hiszpania
76%
Rosja
76%
Włochy
76%
Brazylia
71%
Wielka Brytania
59%
Indie
53%
Szwecja
53%
Meksyk
47%
Chile
35%
Chile
35%
Peru
35%
Republika
Południowej Afryki
35%
Arabia Saudyjska
29%
Białoruś
29%
Turcja
29%
Bahrajn
18%
Iran
18%
Katar
18%
Kuwejt
18%
Oman
18%
Pakistan
18%
Singapur
18%
Armenia
6%
Panama
6%

Rozkład punktacji

Percentyl według liczby udzielonych odpowiedzi

Procent ludzi z każdym wynikiem

Twoja historia wyników

Nie rozwiązałeś tego quizu